Plano C para a felicidade (Registo nº 37118)
[ vista simples ]
| 000 -Etiqueta do registo | |
|---|---|
| Valores | 00446nam a2200169 4500 |
| 010 ## - Número ISBN | |
| ISBN | 9789898975645 |
| 090 ## - | |
| -- | 37118 |
| 100 ## - Dados gerais de processamento | |
| Dados gerais | 20260429 pory50 |
| 200 ## - Titulo e menção de responsabilidade | |
| Título próprio | Plano C para a felicidade |
| Primeira menção de responsabilidade | Cristina Felizardo |
| 205 ## - Menção da edição | |
| Edição | 1.ª ed. |
| 210 ## - Publicação | |
| Local de publicação | Barcarena |
| Nome do editor | Editorial Presença |
| Data de publicação | 2020 |
| 215 ## - Descrição física | |
| Paginação / Volumes | 259 p. |
| Dimensões | 23 cm |
| 606 ## - Nome comum usado como assunto | |
| ID Autoridade | 2915 |
| Palavra de ordem | Auto-ajuda |
| 700 ## - Autor principal (pessoa individual) | |
| ID Autoridade | 7321 |
| Apelido | Felizardo |
| Nome | Cristina |
| 801 ## - Fonte de origem | |
| País | PT |
| Agência | BMVA |
| Regras de catalogação | RPC |
| 990 ## - Elementos KOHA | |
| Tipo de documento | Livro |
| Situação do levantamento | Estado | Biblioteca de origem | Biblioteca de empréstimo | Código de barras | Cota | Permissão de empréstimo | Tipo de documento | Forma de aquisição |
|---|---|---|---|---|---|---|---|---|
| Completo | Biblioteca Municipal de Viana Do Alentejo | Biblioteca Municipal de Viana Do Alentejo | 0035659 | 159.9 FEL | Disponível | Livro | Oferta |